00965nam a22002537a 45000010005000000030006000050050017000110080041000280200018000690400029000870500018001160820010001341000019001442450084001632600044002473000048002914900035003395050008003745200216003825210020005985210020006186500040006387000033006787970FISKH20250815120814.0250815b cb ||||| |||| 00| 0 eng d a9781434227607 aFISKHbengcFISKHdFISKH aPZ7.S968294 S a813.6 aSutton, Laurie aSword of the dragon /cWitten by Laurie Sutton : Illustrated by Dan Schoening  aMinnesota :bStone Arch Books , c2013. a48 pages : bcolor illustrations ;c19 cm . aDC Super Heroes (Wonder Woman) aM  aWonder Woman sees a message in the clouds instructing her to go to Stonehenge, where she finds a group of tourists being held hostage by Morgaine Le Fey, who demands Wonder Woman steal the Star Sword of Merlin. 8 a550 bLexile 8 aM bRaz-Plus  aSuperheroesvFiction and Literature aSchoening, DaneIllustrator